000 00509nam a2200193Ia 4500
005 20250326123454.0
008 250326s9999 xx 000 0 und d
037 _aTextbook
040 _aFMSL
_beng
_cFMSL
041 _aeng
_2eng
084 _aX:8F P5
_qFMSL
100 _aHilton R W
_9735230
245 0 _aManagerial acounting
_cHilton R W
250 _a6
260 _aNew Delhi
_bNew Delhi, Tata McGraw-Hill
_c2005
300 _a812p
942 _cTB
_hX:8F P5
999 _c1269506
_d1269506